000 00572nam a2200193Ia 4500
999 _c3016
_d3016
020 _a81-7304-513-5
082 _a327.54 BOQ-;
100 _aBoquerat, Gilles
245 0 _aNo strings attached : India's policies and foreign aid :1947-1966
260 _aNew Delhi
_bManohar Publishers
_c2003
300 _a431p.
500 _aIncludes bibliography and index
650 _aForeign assistance
650 _aIndia - Economic policy
650 _aEconomic assistance - India
650 _aForeign aid program
650 _aInternational economic relations
942 _cBK